LEADER 02942nam 2200493 450 001 9910827216803321 005 20230809235458.0 010 $a3-8467-6159-1 024 7 $a10.30965/9783846761595 035 $a(CKB)4920000000126112 035 $z(OCoLC)966420388 035 $a(nllekb)BRILL9783846761595 035 $a(MiAaPQ)EBC6516382 035 $a(Au-PeEL)EBL6516382 035 $a(OCoLC)1243538551 035 $a(EXLCZ)994920000000126112 100 $a20220531d2017 uy 0 101 0 $ager 135 $aurun| uuuua 181 $2rdacontent 182 $2rdamedia 183 $2rdacarrier 200 00$aMimesis Bauen $eArchitektengespra?che /$fHans-Rudolf Meier [and four others], herausgegeben 210 1$aPaderborn :$cWilhelm Fink,$d[2017] 210 4$d©2017 215 $a1 online resource 225 1 $aMedien und Mimesis ;$vBand 3 311 $a3-7705-6159-7 327 $aPreliminary Material /$rEva von Engelberg-Dockal , Frederike Lausch , Hans-Rudolf Meier and Carsten Ruhl -- Einleitung /$rEva von Engelberg-Dockal , Frederike Lausch , Hans-Rudolf Meier and Carsten Ruhl -- »Es Geht Immer um eine Ähnlichkeit« /$rHans-Rudolf Meier -- ?I Don?t know if you can Mimic a Machine? /$rFrederike Lausch -- »Alle Architekten sind Eklektizisten« /$rEva von Engelberg-Do?kal -- »Rekonstruktion Erscheint mir wie ein Trojanisches Pferd« /$rCarsten Ruhl -- Abbildungsnachweise /$rEva von Engelberg-Dockal , Frederike Lausch , Hans-Rudolf Meier and Carsten Ruhl -- Biografien /$rEva von Engelberg-Dockal , Frederike Lausch , Hans-Rudolf Meier and Carsten Ruhl. 330 $aZitieren, Kopieren und Rekonstruieren sind gängige Verfahren im architektonischen Alltag. Anstatt sie zu verbergen, um den Originalitätsanspruch der Moderne zu wahren, werden sie in diesem Buch offengelegt. Vier Architekten berichten im Gespräch mit den Herausgebern über mimetische Praktiken ihrer Entwurfsarbeit seit den 1990er Jahren. Der bewusst weit gespannte Rahmen umfasst sowohl formal-gestalterische Aspekte als auch prozessuale Formen der architektonischen Mimesis. Neben gängigen Analogiebildungen zum architektonischen Kontext, zu lokalen Bautraditionen oder zur Vorgängerbebauung finden anthropomorphe und biologische Bilder sowie philosophische Diskurse Beachtung. Die Gespräche spiegeln die zentrale Bedeutung mimetischer Praktiken für die neuere Architektur und Architekturtheorie wider und verstehen sich damit auch als Beitrag zur jüngsten Phase der Architekturgeschichte. 410 0$aMedien und Mimesis ;$vBand 3. 606 $aArchitects 606 $aArchitecture$xPhilosophy 615 0$aArchitects. 615 0$aArchitecture$xPhilosophy. 676 $a720.924 702 $aMeier$b Hans-Rudolf 801 0$bMiAaPQ 801 1$bMiAaPQ 801 2$bMiAaPQ 906 $aBOOK 912 $a9910827216803321 996 $aMimesis Bauen$93935186 997 $aUNINA LEADER 01023nam a2200241 i 4500 001 991004346114207536 005 20251016135032.0 008 241022s1946 it er 001 e ita 040 $aBibl. Dip.le Aggr. Scienze Umane e Sociali$bita$cSocioculturale Scs 041 0 $aita 082 0 $a335.4119$223 100 1 $aLabriola, Antonio$d<1843-1904>$0118891 245 13$aLa concezione materialistica della storia /$cAntonio Labriola ; con un'aggiunta di B. Croce sulla critica del marxismo in Italia dal 1895 al 1900 260 $aBari :$bLaterza,$c1946 300 $aVII, 312 p. ;$c21 cm. 490 0 $aBiblioteca di cultura moderna ;$v323 501 $aCome nacque e come morì il marxismo teorico in Italia, 1895-1900 : da lettere e ricordi personali / Benedetto Croce 650 4$aMaterialismo storico$ySec. 19. 700 1 $aCroce, Benedetto$d<1866-1952> 830 0$aBiblioteca di cultura moderna ;$v323 912 $a991004346114207536 996 $aConcezione materialistica della storia$9199603 997 $aUNISALENTO